| 000 | 00514nam a22001697a 4500 | ||
|---|---|---|---|
| 003 | MACL | ||
| 005 | 20160320142507.0 | ||
| 008 | 160320b xxu||||| |||| 00| 0 eng d | ||
| 040 | _cMACL | ||
| 041 | _aHindi | ||
| 082 | _a070 | ||
| 100 |
_aसंजय त्रिवेदी _947777 |
||
| 245 | _aमीडिया नया दौर नयी चुनौतियां | ||
| 260 |
_aदिल्ली _bयश पब्लिकेशन्स |
||
| 650 |
_aJournalism _947778 |
||
| 942 |
_2ddc _cHIN |
||
| 999 |
_c53586 _d53586 |
||